Normal view MARC view

Entry Personal Name

Number of records used in: 1

001 - CONTROL NUMBER

  • control field: 59949

003 - CONTROL NUMBER IDENTIFIER

  • control field: OSt

005 - DATE AND TIME OF LATEST TRANSACTION

  • control field: 20260402144052.0

008 - FIXED-LENGTH DATA ELEMENTS

  • fixed length control field: 260402|| aca||aabn | a|a d

040 ## - CATALOGING SOURCE

  • Original cataloging agency: OSt
  • Transcribing agency: OSt

100 ## - HEADING--PERSONAL NAME

  • Personal name: Kalsi, Singh Nairmaljeet and Kiran, Ravi

670 ## - SOURCE DATA FOUND

  • Source citation: Work cat.: (OSt): Kalsi, Singh Nairmaljeet and Kiran, Ravi , Analysing the challenges, barriers and risks of e-governance for efficient and effective governance

Powered by Koha